Odstraňovanie vybraných špecifických syntetických látok s využitím ozónu diplomová práca

Guardado en:
Detalles Bibliográficos
Autor principal: Kecskés, Juraj
Formato: Libro
Lenguaje:eslovaco
Publicado: Bratislava STU FCHPT 2014
Acceso en línea:Ver en el OPAC
Etiquetas: Agregar Etiqueta
Sin Etiquetas, Sea el primero en etiquetar este registro!

MARC

LEADER 00000nam a2200000 a 4500
005 20260127134303.0
008 140708 2014 000 0 slo d
035 |a vtls010608769 
039 9 |y 201407081216  |z mschk03 
040 |a STUSCHK1  |b slo  |c STUSCHK1  |e AACR2 
100 1 |a Kecskés, Juraj 
245 1 |a Odstraňovanie vybraných špecifických syntetických látok s využitím ozónu  |b diplomová práca  |c Juraj Kecskés 
260 |a Bratislava  |b STU FCHPT  |c 2014 
300 |a 50 s.  |b Obr., tab.  |c 30 cm 
500 |a Obhájené: 9.6.2014 
500 |a Štud. program: environmentálna chémia a technológia 
500 |a Štud. odbor: chemické technológie 
500 |a Škol. pracovisko: Odd. environmentálneho inžinierstva 
500 |a Evid. číslo: FCHPT-13572-68688 
910 |a SCHK95 
999 |c 8807  |d 8807